Qui a casa torna / de Harold Pinter ; traducció de Joaquim Mallafré
Descripción Física:
103 p. ; 18 cm
Colección:
Biblioteca teatral ; 44
Otros Autores:
Mallafré, Joaquim, tr
MARC
| LEADER | 00000nam a2200000Ia 4500 | ||
|---|---|---|---|
| 001 | 2124 | ||
| 008 | 160829s1986 xx 000 0 cat d | ||
| 080 | |a L-1-231 | ||
| 100 | |a Pinter, Harold, |d 1930-2008 |9 28733 | ||
| 245 | |a Qui a casa torna / de Harold Pinter ; traducció de Joaquim Mallafré | ||
| 260 | |a Barcelona : |b Institut del Teatre de la Diputació de Barcelona : |b Edicions del Mall, |c 1986 | ||
| 300 | |a 103 p. ; |c 18 cm | ||
| 490 | |a Biblioteca teatral ; 44 | ||
| 700 | |a Mallafré, Joaquim, tr. |9 28732 | ||
| 710 | 1 | |a Institut del Teatre (Barcelona, Catalunya) |9 52662 | |
| 901 | |a Arxiu | ||
| 942 | |n 1 | ||
| 952 | |0 0 |1 0 |4 0 |6 L1231 |7 1 |9 44922 |a Arxiu |b Arxiu |d 2016-12-01 |l 0 |o L-1-231 |p 2124 |r 2016-12-01 00:00:00 |w 2016-12-01 |y ARXIU | ||
| 999 | |c 47521 |d 47521 | ||